| Tag |
First Indicator |
Second Indicator |
Subfields |
| LEADER |
00000cam a2200000 a 4500 |
| 001 |
in00001406536 |
| 005 |
20151020072742.0 |
| 008 |
970430s1997 enka b 001 0 eng |
| 010 |
|
|
|a 97020153
|
| 015 |
|
|
|a GB97-77125
|
| 019 |
|
|
|a 38068703
|
| 020 |
|
|
|a 0198599498 (hc)
|
| 020 |
|
|
|a 019859948X (pbk.)
|
| 035 |
|
|
|a (OCoLC)36857053
|
| 035 |
|
|
|9 AHQ3477AM
|
| 040 |
|
|
|a DLC
|c DLC
|d C#P
|d COU
|d UKM
|d NLM
|d TXA
|d UtOrBLW
|
| 049 |
|
|
|a TXAM
|
| 050 |
0 |
0 |
|a QP552.M64
|b G85 1997
|
| 060 |
0 |
0 |
|a 1998 B-092
|
| 060 |
1 |
0 |
|a QU 39
|b G946 1997
|
| 069 |
0 |
|
|a 9802650
|
| 082 |
0 |
0 |
|a 572/.645
|2 21
|
| 245 |
0 |
0 |
|a Guidebook to molecular chaperones and protein-folding catalysts /
|c edited by Mary-Jane Gething.
|
| 246 |
3 |
0 |
|a Molecular chaperones and protein-folding catalysts
|
| 264 |
|
1 |
|a Oxford ;
|a New York :
|b Oxford University Press,
|c 1997.
|
| 300 |
|
|
|a xxvi, 554 pages :
|b illustrations ;
|c 26 cm.
|
| 336 |
|
|
|a text
|b txt
|2 rdacontent
|
| 337 |
|
|
|a unmediated
|b n
|2 rdamedia
|
| 338 |
|
|
|a volume
|b nc
|2 rdacarrier
|
| 490 |
1 |
|
|a Guidebook series
|
| 500 |
|
|
|a "A Sambrook & Tooze publication"
|
| 504 |
|
|
|a Includes bibliographical references and index.
|
| 650 |
|
0 |
|a Molecular chaperones.
|
| 650 |
|
0 |
|a Protein folding.
|
| 650 |
1 |
2 |
|a Molecular Chaperones
|x physiology
|v handbooks.
|
| 650 |
2 |
2 |
|a Protein Folding
|v handbooks.
|
| 700 |
1 |
|
|a Gething, Mary-Jane.
|
| 830 |
|
0 |
|a Guidebook series (Oxford, England)
|
| 948 |
|
|
|a c:rd
|
| 999 |
|
|
|a MARS
|
| 999 |
f |
f |
|s 533699bc-4a9c-3dc6-9f2b-4a6d6b2eab83
|i 5c079b88-aafb-3199-91a1-de85b405d359
|t 0
|
| 952 |
f |
f |
|p normal
|a Texas A&M University
|b College Station
|c Sterling C. Evans Library
|d Evans: Library Stacks
|t 0
|e QP552.M64 G85 1997
|h Library of Congress classification
|i unmediated -- volume
|m A14823313152
|
| 998 |
f |
f |
|a QP552.M64 G85 1997
|t 0
|l Evans: Library Stacks
|